Spanish Conjugations - Statistics

General Stats
  • This quiz has been taken 249 times
  • The average score is 14 of 21
Answer Stats
Person/Verb Answer % Correct
Yo/lavar lavo
94%
Nosotros/ganar ganamos
86%
Usted/comer come
81%
Nosotras/ayudar ayudamos
77%
Ella/abrir abre
75%
Él/arreglar arregla
75%
Tú/dormir duermes
75%
Yo/necesitar necesito
74%
Tú/conocer conoces
73%
Vosotras/correr corréis
71%
Ellos/pasar pasan
71%
Ellas/compartir comparten
70%
Vosotros/hablar habláis
65%
Él/escuchar escucha
61%
Tú/poder puedes
57%
Ustedes/esquiar esquian
55%
Nosotros/sacar sacamos
54%
Usted/estar está
47%
Yo/cepillar cepillo
39%
Vosotras/volver volvéis
37%
Tú/afeitar afeitas
35%
No matching quizzes found
Score Distribution
Percent of People with Each Score
Percentile by Number Answered
Your Score History
You have not taken this quiz